Gender and education/ (Record no. 11786)

MARC details
000 -LEADER
fixed length control field 00541nam a22002057a 4500
005 - DATE AND TIME OF LATEST TRANSACTION
control field 20240311121955.0
008 - FIXED-LENGTH DATA ELEMENTS--GENERAL INFORMATION
fixed length control field 240311b ||||| |||| 00| 0 eng d
020 ## - INTERNATIONAL STANDARD BOOK NUMBER
International Standard Book Number 9789389865530
040 ## - CATALOGING SOURCE
Original cataloging agency IN-DiNC
Transcribing agency IN-DiNC
041 ## - LANGUAGE CODE
Language code of sung or spoken text English
082 ## - DEWEY DECIMAL CLASSIFICATION NUMBER
Classification number 370
Item number DEK
100 ## - MAIN ENTRY--PERSONAL NAME
Personal name Deka, Nabanita
Relator term Author
245 ## - TITLE STATEMENT
Title Gender and education/
Statement of responsibility, etc. by Nabanita Deka and Lokman Ali
250 ## - EDITION STATEMENT
Edition statement 1st ed.
260 ## - PUBLICATION, DISTRIBUTION, ETC.
Place of publication, distribution, etc. Dibrugarh:
Name of publisher, distributor, etc. Banalata,
Date of publication, distribution, etc. 2021.
300 ## - PHYSICAL DESCRIPTION
Extent 431p.
650 ## - SUBJECT ADDED ENTRY--TOPICAL TERM
Topical term or geographic name entry element Gender and society
700 ## - ADDED ENTRY--PERSONAL NAME
Personal name Ali, Lokman
Relator term Author
942 ## - ADDED ENTRY ELEMENTS (KOHA)
Source of classification or shelving scheme Dewey Decimal Classification
Koha item type Books
Holdings
Withdrawn status Lost status Source of classification or shelving scheme Damaged status Not for loan Collection code Home library Current library Shelving location Date acquired Cost, normal purchase price Total Checkouts Full call number Barcode Date last seen Date last checked out Copy number Price effective from Koha item type
    Dewey Decimal Classification     Education Central Library, Naharkatiya College Central Library, Naharkatiya College General Stacks 11/03/2024 400.00 5 370 DEK 29966 21/05/2025 24/04/2025 1 11/03/2024 Books

Naharkatiya College © 2020. All rights reserved.

Powered By